| 000 | 00609nam a22001937a 4500 | ||
|---|---|---|---|
| 999 |
_c171908 _d171908 |
||
| 005 | 20200123114621.0 | ||
| 010 | _aA-374641 | ||
| 020 |
_c6.00 _a- |
||
| 035 | _aA-374641 | ||
| 037 |
_bBPPD/Pub. _a- |
||
| 082 | _a921 | ||
| 100 | _aد ھلی ا يو ا ن ا ر د و | ||
| 245 |
_aا بو ا لکلا م آ ز ا د _cد ھلی ا يو ا ن ا ر د و |
||
| 246 |
_bAbulkalam Azad (Urdu) _aby Delhi Avan-e-Urdu |
||
| 260 |
_aDelhi _bMaktaba Jamia Ltd. _c1988 ء |
||
| 270 |
_aUrdu Bazar _bDelhi _e6 _k- _l- |
||
| 300 |
_a290 ص _c22 Cm(Hb) |
||
| 942 |
_2ddc _cUR _h921 _mا ب و |
||